Four Marks of A Total Christian: (Record no. 6218)

MARC details
000 -LEADER
fixed length control field 00536nam a22001817a 4500
003 - CONTROL NUMBER IDENTIFIER
control field GBCCL
005 - DATE AND TIME OF LATEST TRANSACTION
control field 20241126110558.0
008 - FIXED-LENGTH DATA ELEMENTS--GENERAL INFORMATION
fixed length control field 180503b ||||| |||| 00| 0 eng d
020 ## - INTERNATIONAL STANDARD BOOK NUMBER
International Standard Book Number 0882075128
040 ## - CATALOGING SOURCE
Transcribing agency gbc
082 ## - DEWEY DECIMAL CLASSIFICATION NUMBER
Classification number 248
Item number SHE
100 ## - MAIN ENTRY--PERSONAL NAME
Personal name Shelley, Bruce L.
9 (RLIN) 11161
245 ## - TITLE STATEMENT
Title Four Marks of A Total Christian:
Remainder of title How to correlate your conduct with your creed /
Statement of responsibility, etc. Bruce L. Shelley
260 ## - PUBLICATION, DISTRIBUTION, ETC.
Name of publisher, distributor, etc. Victor Books,
Place of publication, distribution, etc. Wheaton:
Date of publication, distribution, etc. 1978
300 ## - PHYSICAL DESCRIPTION
Extent 63 p.;
Dimensions 18 cm.
650 ## - SUBJECT ADDED ENTRY--TOPICAL TERM
Topical term or geographic name entry element Christian life
General subdivision Baptist authors
9 (RLIN) 223
942 ## - ADDED ENTRY ELEMENTS (KOHA)
Source of classification or shelving scheme Dewey Decimal Classification
Koha item type Books
Holdings
Withdrawn status Lost status Source of classification or shelving scheme Damaged status Not for loan Home library Current Library Shelving location Date acquired Total checkouts Full call number Barcode Date last seen Copy number Price effective from Koha item type
    Dewey Decimal Classification     GRACE BIBLE COLLEGE GRACE BIBLE COLLEGE Ministry & Mission 2018-05-03   248 SHE 002140 2025-05-01 c.1 2018-05-03 Books
© Grace Bible College Library 2025